000 01752cam a22003857a 4500
003 CHAP
005 20220329142254.0
008 000424d1997 mx r 00110 spa d
010 _a80887
011 _a81859
020 _a9706130586
035 _a92340
040 _cCHAP
082 0 4 _a540
_bT5Y 1992
100 0 0 _aTimberlake, Karen C.
_9113326
245 1 0 _aQuímica :
_bintroducción a la química general, a la orgánica y a la bioquímica
_c/por Karen C. Timberlake
260 _aMéxico, D.F. :
_bOxford University Press Harla,
_c1997.
300 _a780 p. :
_bilus. ; gráfs.
500 _aTrad. de : Chemistry and introduction to general organic, and biological chemistry, 5 ed. de 1992.
590 _aBATCH-UPD
_b10
_c20130110
_lUCH01
_h1510
590 _aBATCH-UPD
_b10
_c20130410
_lUCH01
_h0928
590 _aBATCH-UPD
_b10
_c20130914
_lUCH01
_h0645
590 _aCONVERSION
_b10
_c20130109
_lUCH01
_h1345
650 0 4 _aQuímica orgánica.
_993598
650 1 4 _aBioquímica.
_912849
650 1 4 _aQuímica.
_993552
901 _aBK
905 _aAlejandra Carrasco M.
942 _cLIBRO
949 _a540 T5Y 1992
_bBC
_cLIBRO
_d33724000737243
_eLIBRO
_gI. 203182
_h97757
_i92340
_si
_t$179.00
949 _a540 T5Y 1992
_bBC
_cLIBRO
_d33724000834594
_eLIBRO
_fc.2
_gI. c/e
_h100659
_i92340
_so
_t$183.00
949 _a540 T5Y 1992
_bBC
_cLIBRO
_d33724000837530
_eLIBRO
_fc.3
_gI. c/e
_h100872
_i92340
_si
_t$235.00
949 _a540 T5Y 1992
_bBC
_cLIBRO
_d33724000837571
_eLIBRO
_fc.4
_h101618
_i92340
_so
_t$235.00
949 _a540 T5Y 1992
_bBC
_cLIBRO
_d33724000883583
_eLIBRO
_fc.5 Sust
_h103314
_i92340
_mSustituye a : Watty, B., Margarita / QuŁmica analŁtica / 543 W3 / A. 61163. Perdido y sustituido por: Keith Laidler. FisicoquŁmica /541 L34Y 1995/
_si
_t$235.00
999 _c80887
_d80887